| 000 | 00625nam a22001817a 4500 | ||
|---|---|---|---|
| 999 |
_c166582 _d166582 |
||
| 010 | _aENG-126098 | ||
| 020 |
_a978-93-8898-25-1 _c500.00 |
||
| 035 | _aEN-109630 | ||
| 037 | _bDBAD/PUB | ||
| 082 | _a362.11 | ||
| 100 | _aSharma, Anamika | ||
| 245 |
_aCustomer Expectations In Healthcare Services: _bAn Assessment Of Selected Private Healthcare Units/ _cAnamika Sharma |
||
| 260 |
_aTamil Nadu _bShanlax Publications _c2019 |
||
| 270 | _a61,66 T.P.K. Main Road Vasanta nagar Madurai-625003 | ||
| 300 |
_a105p. _c24cm(hb) |
||
| 500 | _aits includes index & bibliography | ||
| 942 |
_2ddc _cEN _h362.11 _mSHA |
||